Разд. I: Инженерные методы расчетов; Т. I-4: Автоматическое управление. Теория; Машиностроение

Bibliographic Details
Parent link:Машиностроение: энциклопедия в 40 т./ гл. ред. К. В. Фролов. Разд. I: Инженерные методы расчетов; Т. I-4: Автоматическое управление. Теория.— , 1994-.— 5-217-01949-2
Other Authors: Федосов Е. Н. Евгений Николаевич (редактор), Красовский А. А. Александр Аркадьевич
Language:Russian
Published: 2000
Subjects:
Format: Book
KOHA link:https://koha.lib.tpu.ru/cgi-bin/koha/opac-detail.pl?biblionumber=23693

MARC

LEADER 00000nam2a2200000 4500
001 23693
005 20231030195859.0
010 |a 5217028173 
035 |a (RuTPU)RU\TPU\book\23918 
035 |a BOOK00023991 
090 |a 23693 
100 |a 20011209d2000 km y0rusy50 ca 
101 0 |a rus 
102 |a RU 
105 |a a f 001zy 
200 0 |a Разд. I: Инженерные методы расчетов; Т. I-4: Автоматическое управление. Теория  |f под ред. Е. Н. Федосова, А. А. Красовского 
210 |d 2000 
215 |a 688 с.  |c ил. 
320 |a Предм. указ.: с. 675-688 
461 1 |0 (RuTPU)RU\TPU\book\54318  |y 5-217-01949-2  |t Машиностроение  |o энциклопедия в 40 т.  |f гл. ред. К. В. Фролов  |v Разд. I: Инженерные методы расчетов; Т. I-4: Автоматическое управление. Теория  |d 1994- 
610 1 |a машиностроение 
610 1 |a системы автоматические 
610 1 |a системы линейные 
610 1 |a системы нелинейные 
610 1 |a системы сложные 
610 1 |a системы дискретные 
610 1 |a автоматизация 
610 1 |a САПР 
610 1 |a состав 
610 1 |a построение 
610 1 |a структура 
610 1 |a справочники 
610 1 |a энциклопедии 
610 1 |a техническое обеспечение 
610 1 |a использование ЭВМ 
610 1 |a колебания 
675 |a 621.002(031)  |v 3 
702 1 |a Федосов  |b Е. Н.  |g Евгений Николаевич  |4 340 
702 1 |a Красовский  |b А. А.  |g Александр Аркадьевич  |4 340 
801 0 |a RU  |b 63413507  |c 20011209  |g PSBO 
801 2 |a RU  |b 63413507  |c 20120705  |g PSBO 
942 |c BK